[Event "Bundesliga 9899"]
[Site "Deutschland"]
[Date "1998.11.21"]
[Round "3.2"]
[White "Hodgson, Julian M"]
[Black "Thesing, Matthias"]
[Result "1-0"]
[WhiteElo "2575"]
[BlackElo "2435"]
[PlyCount "85"]
[EventDate "1998.10.17"]
[EventType "team"]
[EventRounds "15"]
[EventCountry "GER"]
[SourceTitle "Bundesliga 9899"]
[Source "DeepChess"]
[SourceDate "2005.01.01"]
[SourceVersion "1"]
[SourceVersionDate "2005.01.01"]
[SourceQuality "1"]
[WhiteTeam "Delmenhorster SK 1931"]
[BlackTeam "PSV Turm Duisburg 1920 e.V."]
[WhiteTeamCountry "GER"]
[BlackTeamCountry "GER"]

1. d4 e6 2. Nf3 c5 3. e3 Nf6 4. b3 b6 5. Bb2 Be7 6. Bd3 Bb7 7. O-O O-O 8. Nbd2
d5 9. Ne5 Nbd7 10. Qf3 h6 11. Rad1 Qc7 12. Qg3 Nxe5 13. dxe5 Ne4 14. Bxe4 dxe4
15. Qg4 Qc6 16. Rfe1 b5 17. Nf1 Rad8 18. Ng3 Rxd1 19. Rxd1 Rd8 20. Rd6 Qe8 21.
Nh5 Qf8 22. Rxd8 Bxd8 23. Nf6+ Bxf6 24. exf6 g6 25. Qd1 Bd5 26. Be5 Kh7 27. h4
Qc8 28. Qd2 Qd7 29. Qc3 Qc6 30. Qa5 Qd7 31. Qa3 Ba8 32. Qxc5 Qd1+ 33. Kh2 Qh5
34. Qd6 Qxh4+ 35. Kg1 g5 36. Qf8 Kg6 37. Qxa8 Kf5 38. Bg3 Qg4 39. Qd8 Qe2 40.
Qd4 Qxc2 41. Kh2 h5 42. Qe5+ Kg6 43. Bf4 1-0

[Event "Bundesliga 9899"]
[Site "Deutschland"]
[Date "1998.11.21"]
[Round "3.3"]
[White "Volke, Karsten"]
[Black "Conquest, Stuart"]
[Result "0-1"]
[WhiteElo "2460"]
[BlackElo "2480"]
[PlyCount "76"]
[EventDate "1998.10.17"]
[EventType "team"]
[EventRounds "15"]
[EventCountry "GER"]
[SourceTitle "Bundesliga 9899"]
[Source "DeepChess"]
[SourceDate "2005.01.01"]
[SourceVersion "1"]
[SourceVersionDate "2005.01.01"]
[SourceQuality "1"]
[WhiteTeam "PSV Turm Duisburg 1920 e.V."]
[BlackTeam "Delmenhorster SK 1931"]
[WhiteTeamCountry "GER"]
[BlackTeamCountry "GER"]

1. e4 c5 2. Nf3 e6 3. d4 cxd4 4. Nxd4 a6 5. Bd3 Bc5 6. Nb3 Ba7 7. c4 d6 8. O-O
Nf6 9. Qe2 Nbd7 10. Nc3 O-O 11. Bg5 h6 12. Bh4 Ne5 13. Kh1 Ng6 14. Bg3 e5 15.
Rad1 Bg4 16. f3 Be6 17. Nd5 Nh5 18. Be1 Rc8 19. Qd2 Nhf4 20. Bg3 Nxd3 21. Qxd3
Qd7 22. Bf2 Bxf2 23. Rxf2 Qc6 24. Rc2 f5 25. Na5 Qa4 26. Nxb7 fxe4 27. fxe4 Bg4
28. Rdc1 Qd7 29. Na5 Nf4 30. Nxf4 exf4 31. Rf2 Qa7 32. Rcf1 f3 33. gxf3 Bh3 34.
Qxd6 Rcd8 35. Qg3 Bxf1 36. Nc6 Qd7 37. Ne5 Qd1 38. Qg1 Bh3 0-1

[Event "Bundesliga 9899"]
[Site "Deutschland"]
[Date "1998.11.21"]
[Round "3.4"]
[White "Gisbrecht, Ewgeni"]
[Black "Kraut, Rainer"]
[Result "1-0"]
[WhiteElo "2415"]
[BlackElo "2470"]
[PlyCount "57"]
[EventDate "1998.10.17"]
[EventType "team"]
[EventRounds "15"]
[EventCountry "GER"]
[SourceTitle "Bundesliga 9899"]
[Source "DeepChess"]
[SourceDate "2005.01.01"]
[SourceVersion "1"]
[SourceVersionDate "2005.01.01"]
[SourceQuality "1"]
[WhiteTeam "Delmenhorster SK 1931"]
[BlackTeam "PSV Turm Duisburg 1920 e.V."]
[WhiteTeamCountry "GER"]
[BlackTeamCountry "GER"]

1. Nf3 d5 2. c4 dxc4 3. e3 Nf6 4. Bxc4 e6 5. O-O c5 6. b3 Nc6 7. Bb2 Be7 8. d4
cxd4 9. Nxd4 Nxd4 10. Bxd4 O-O 11. Nd2 Bd7 12. Nf3 Bc6 13. Qe2 Qa5 14. Ne5 Bd5
15. Bxd5 Qxd5 16. Rfd1 Rfd8 17. Nxf7 Kxf7 18. Bxf6 Bxf6 19. Rxd5 Rxd5 20. Rd1
Rad8 21. Rxd5 Rxd5 22. g3 a6 23. Qc2 Ke7 24. Qxh7 Rd1+ 25. Kg2 Rd2 26. Qe4 Rxa2
27. Qxb7+ Kf8 28. Qd7 e5 29. Qf5 1-0

[Event "Bundesliga 9899"]
[Site "Deutschland"]
[Date "1998.11.21"]
[Round "3.5"]
[White "Zude, Arno"]
[Black "Lauber, Arnd"]
[Result "0-1"]
[WhiteElo "2390"]
[BlackElo "2370"]
[PlyCount "74"]
[EventDate "1998.10.17"]
[EventType "team"]
[EventRounds "15"]
[EventCountry "GER"]
[SourceTitle "Bundesliga 9899"]
[Source "DeepChess"]
[SourceDate "2005.01.01"]
[SourceVersion "1"]
[SourceVersionDate "2005.01.01"]
[SourceQuality "1"]
[WhiteTeam "PSV Turm Duisburg 1920 e.V."]
[BlackTeam "Delmenhorster SK 1931"]
[WhiteTeamCountry "GER"]
[BlackTeamCountry "GER"]

1. e4 c6 2. d4 d5 3. e5 Bf5 4. Nc3 e6 5. g4 Bg6 6. Nge2 c5 7. h4 h5 8. Nf4 Bh7
9. Nxh5 cxd4 10. Qxd4 Nc6 11. Bb5 Nge7 12. Bh6 Rg8 13. Qf4 a6 14. Ba4 b5 15.
Bb3 Qc7 16. O-O-O Qxe5 17. Rhe1 Qxf4+ 18. Bxf4 O-O-O 19. Bg3 Na5 20. Nf4 Nec6
21. Nd3 Nb4 22. Nxb4 Bxb4 23. Re2 Rge8 24. f3 Kb7 25. Be1 Nxb3+ 26. axb3 Bd6
27. Bd2 Rc8 28. Be3 Rc6 29. Kb1 Rec8 30. Rc1 b4 31. Nd1 a5 32. Bd4 Bf4 33. Be3
Bxe3 34. Nxe3 a4 35. Ka2 d4 36. Nf1 Bxc2 37. bxa4 Bb3+ 0-1

[Event "Bundesliga 9899"]
[Site "Deutschland"]
[Date "1998.11.21"]
[Round "3.6"]
[White "Borik, Otto"]
[Black "Schmitz, Joachim"]
[Result "1-0"]
[WhiteElo "2405"]
[BlackElo "2310"]
[PlyCount "51"]
[EventDate "1998.10.17"]
[EventType "team"]
[EventRounds "15"]
[EventCountry "GER"]
[SourceTitle "Bundesliga 9899"]
[Source "DeepChess"]
[SourceDate "2005.01.01"]
[SourceVersion "1"]
[SourceVersionDate "2005.01.01"]
[SourceQuality "1"]
[WhiteTeam "Delmenhorster SK 1931"]
[BlackTeam "PSV Turm Duisburg 1920 e.V."]
[WhiteTeamCountry "GER"]
[BlackTeamCountry "GER"]

1. Nf3 d5 2. c4 c6 3. e3 Nf6 4. Nc3 g6 5. d4 Bg7 6. Be2 O-O 7. O-O Bg4 8. cxd5
cxd5 9. Qb3 b6 10. h3 Bxf3 11. Bxf3 e6 12. Be2 a6 13. Bd2 Nc6 14. Rfc1 Na5 15.
Qd1 Re8 16. Rc2 Bf8 17. b3 Ba3 18. Rb1 Bd6 19. a4 Ra7 20. Bd3 e5 21. dxe5 Bxe5
22. Ne2 Ne4 23. Be1 Qf6 24. b4 Nb7 25. f3 Bb8 26. fxe4 1-0

[Event "Bundesliga 9899"]
[Site "Deutschland"]
[Date "1998.11.21"]
[Round "3.7"]
[White "Kummerow, Heiko"]
[Black "Beckemeier, Werner"]
[Result "1/2-1/2"]
[WhiteElo "2280"]
[BlackElo "2380"]
[PlyCount "52"]
[EventDate "1998.10.17"]
[EventType "team"]
[EventRounds "15"]
[EventCountry "GER"]
[SourceTitle "Bundesliga 9899"]
[Source "DeepChess"]
[SourceDate "2005.01.01"]
[SourceVersion "1"]
[SourceVersionDate "2005.01.01"]
[SourceQuality "1"]
[WhiteTeam "PSV Turm Duisburg 1920 e.V."]
[BlackTeam "Delmenhorster SK 1931"]
[WhiteTeamCountry "GER"]
[BlackTeamCountry "GER"]

1. e4 e5 2. Nf3 Nc6 3. d4 exd4 4. Nxd4 Bb4+ 5. c3 Be7 6. Nxc6 bxc6 7. Bc4 Nf6
8. e5 Ne4 9. Qf3 d5 10. exd6 Nxd6 11. Bd3 O-O 12. O-O Rb8 13. Nd2 c5 14. Re1
Bg5 15. Nc4 Bxc1 16. Raxc1 Be6 17. Qh5 g6 18. Qxc5 Rb5 19. Qc6 Bxc4 20. Bxc4
Rb6 21. Qc5 Nxc4 22. Qxc4 Rxb2 23. Rb1 Qd2 24. Rf1 Rxb1 25. Rxb1 Re8 26. g3
Re1+ 1/2-1/2

[Event "Bundesliga 9899"]
[Site "Deutschland"]
[Date "1998.11.21"]
[Round "3.8"]
[White "Jugelt, Tobias"]
[Black "Groth, Klaus Ulrich"]
[Result "1-0"]
[WhiteElo "2360"]
[BlackElo "1871"]
[PlyCount "57"]
[EventDate "1998.10.17"]
[EventType "team"]
[EventRounds "15"]
[EventCountry "GER"]
[SourceTitle "Bundesliga 9899"]
[Source "DeepChess"]
[SourceDate "2005.01.01"]
[SourceVersion "1"]
[SourceVersionDate "2005.01.01"]
[SourceQuality "1"]
[WhiteTeam "Delmenhorster SK 1931"]
[BlackTeam "PSV Turm Duisburg 1920 e.V."]
[WhiteTeamCountry "GER"]
[BlackTeamCountry "GER"]

1. d4 g6 2. Nf3 Bg7 3. e4 d6 4. h3 Nf6 5. Nc3 c6 6. a4 d5 7. e5 Nfd7 8. Bf4 e6
9. Be2 a5 10. Qd2 h6 11. O-O Na6 12. Nd1 Nc7 13. Ra3 b6 14. Ne3 Ba6 15. Ng4
Bxe2 16. Qxe2 c5 17. c4 h5 18. Ne3 O-O 19. Rd1 dxc4 20. dxc5 Qe7 21. c6 Nb8 22.
Qxc4 Rd8 23. Rxd8+ Qxd8 24. Rd3 Qe8 25. Nd4 Bf8 26. Nb5 Nba6 27. Bg5 Bc5 28.
Rd7 Rc8 29. Nd6 1-0

[Event "Bundesliga 9899"]
[Site "Deutschland"]
[Date "1998.11.21"]
[Round "3.1"]
[White "Bologan, Viktor"]
[Black "Bauer, Christian"]
[Result "1-0"]
[WhiteElo "2580"]
[BlackElo "2520"]
[PlyCount "97"]
[EventDate "1998.10.17"]
[EventType "team"]
[EventRounds "15"]
[EventCountry "GER"]
[SourceTitle "Bundesliga 9899"]
[Source "DeepChess"]
[SourceDate "2005.01.01"]
[SourceVersion "1"]
[SourceVersionDate "2005.01.01"]
[SourceQuality "1"]
[WhiteTeam "Dresdner SC 1898"]
[BlackTeam "SK Viernheim"]
[WhiteTeamCountry "GER"]
[BlackTeamCountry "GER"]

1. e4 e6 2. d4 d5 3. Nc3 dxe4 4. Nxe4 Bd7 5. Nf3 Bc6 6. Bd3 Nd7 7. O-O Ngf6 8.
Neg5 Bd6 9. Re1 h6 10. Nh3 Bxf3 11. Qxf3 c6 12. Nf4 O-O 13. Nh5 Re8 14. Nxf6+
Nxf6 15. Bd2 e5 16. dxe5 Bxe5 17. g3 Qd5 18. Qxd5 Nxd5 19. Rab1 Bd4 20. c3 Bb6
21. Rbd1 Nf6 22. Kg2 Rxe1 23. Bxe1 Re8 24. Kf1 Kf8 25. Be2 Ne4 26. c4 Rd8 27.
Rxd8+ Bxd8 28. f3 Nc5 29. b4 Na4 30. Bd1 Nb2 31. Bb3 Nd3 32. Bd2 c5 33. a3 cxb4
34. axb4 Be7 35. c5 a5 36. c6 bxc6 37. bxa5 Bc5 38. Ba4 Nb4 39. h4 Ke7 40. h5
Kd7 41. Ke2 Kc7 42. Bb3 f6 43. Bc4 Nc2 44. Kd3 Na3 45. Ba6 Bd6 46. g4 c5 47.
Bc4 Kc6 48. a6 Kb6 49. Bc1 1-0

[Event "Bundesliga 9899"]
[Site "Deutschland"]
[Date "1998.11.21"]
[Round "3.2"]
[White "Rausis, Igors"]
[Black "Lanka, Zigurds"]
[Result "1/2-1/2"]
[WhiteElo "2520"]
[BlackElo "2525"]
[PlyCount "50"]
[EventDate "1998.10.17"]
[EventType "team"]
[EventRounds "15"]
[EventCountry "GER"]
[SourceTitle "Bundesliga 9899"]
[Source "DeepChess"]
[SourceDate "2005.01.01"]
[SourceVersion "1"]
[SourceVersionDate "2005.01.01"]
[SourceQuality "1"]
[WhiteTeam "SK Viernheim"]
[BlackTeam "Dresdner SC 1898"]
[WhiteTeamCountry "GER"]
[BlackTeamCountry "GER"]

1. d4 Nf6 2. c4 g6 3. Nc3 Bg7 4. e4 d6 5. f4 O-O 6. Nf3 c5 7. d5 b5 8. cxb5 a6
9. a4 axb5 10. Bxb5 Ba6 11. Bd2 Bxb5 12. axb5 Rxa1 13. Qxa1 Nbd7 14. O-O Nb6
15. Qe1 Qd7 16. Qh4 Qg4 17. Qxg4 Nxg4 18. h3 Nf6 19. Ra1 Rb8 20. Ra7 Kf8 21.
Kf1 Ne8 22. Be1 Nc8 23. Rd7 Nb6 24. Ra7 Nc8 25. Rd7 Nb6 1/2-1/2

[Event "Bundesliga 9899"]
[Site "Deutschland"]
[Date "1998.11.21"]
[Round "3.3"]
[White "Maiwald, Jens Uwe"]
[Black "Beikert, Guenther"]
[Result "1-0"]
[WhiteElo "2460"]
[BlackElo "2495"]
[PlyCount "81"]
[EventDate "1998.10.17"]
[EventType "team"]
[EventRounds "15"]
[EventCountry "GER"]
[SourceTitle "Bundesliga 9899"]
[Source "DeepChess"]
[SourceDate "2005.01.01"]
[SourceVersion "1"]
[SourceVersionDate "2005.01.01"]
[SourceQuality "1"]
[WhiteTeam "Dresdner SC 1898"]
[BlackTeam "SK Viernheim"]
[WhiteTeamCountry "GER"]
[BlackTeamCountry "GER"]

1. e4 c5 2. d3 g6 3. g3 Bg7 4. Bg2 Nc6 5. f4 d6 6. Nf3 e6 7. O-O Nge7 8. c3 O-O
9. Be3 b5 10. d4 cxd4 11. cxd4 Qb6 12. Re1 d5 13. e5 b4 14. Nbd2 Na5 15. b3 Ba6
16. g4 Rac8 17. h4 Rc3 18. Bh3 Rfc8 19. Kf2 Bd3 20. Rg1 Nac6 21. h5 Rc7 22. Qe1
a5 23. Rg3 Na7 24. hxg6 hxg6 25. Bg2 Nb5 26. Rh3 Bc2 27. Kg1 Rxe3 28. Qxe3 Rc3
29. Qf2 Nc6 30. Kh1 Ncxd4 31. Rg1 Qc5 32. Qh4 Ne2 33. Qd8+ Bf8 34. Qh4 Bg7 35.
Qd8+ Qf8 36. Qh4 Qe8 37. Bf1 g5 38. Qxg5 Nxg1 39. Kxg1 Rxf3 40. Nxf3 Nc3 41. f5
1-0

[Event "Bundesliga 9899"]
[Site "Deutschland"]
[Date "1998.11.21"]
[Round "3.4"]
[White "Kraai, Jesse"]
[Black "Boensch, Uwe"]
[Result "0-1"]
[WhiteElo "2345"]
[BlackElo "2545"]
[PlyCount "56"]
[EventDate "1998.10.17"]
[EventType "team"]
[EventRounds "15"]
[EventCountry "GER"]
[SourceTitle "Bundesliga 9899"]
[Source "DeepChess"]
[SourceDate "2005.01.01"]
[SourceVersion "1"]
[SourceVersionDate "2005.01.01"]
[SourceQuality "1"]
[WhiteTeam "SK Viernheim"]
[BlackTeam "Dresdner SC 1898"]
[WhiteTeamCountry "GER"]
[BlackTeamCountry "GER"]

1. d4 Nf6 2. c4 e6 3. Nf3 d5 4. Nc3 Be7 5. Bg5 h6 6. Bh4 O-O 7. e3 b6 8. Be2
Bb7 9. Bxf6 Bxf6 10. cxd5 exd5 11. b4 c6 12. O-O a5 13. a3 Qd6 14. e4 dxe4 15.
Nxe4 Qf4 16. Nxf6+ Qxf6 17. Qb3 Nd7 18. Rac1 axb4 19. axb4 Rfe8 20. Rc2 Rad8
21. Rd1 c5 22. Bb5 cxd4 23. Nxd4 Re4 24. Nf3 Ne5 25. Rxd8+ Qxd8 26. Nd2 Re1+
27. Nf1 Nf3+ 28. Kh1 Nd4 0-1

[Event "Bundesliga 9899"]
[Site "Deutschland"]
[Date "1998.11.21"]
[Round "3.5"]
[White "Tischbierek, Raj"]
[Black "Schulze, Ulrich"]
[Result "1-0"]
[WhiteElo "2525"]
[BlackElo "2360"]
[PlyCount "75"]
[EventDate "1998.10.17"]
[EventType "team"]
[EventRounds "15"]
[EventCountry "GER"]
[SourceTitle "Bundesliga 9899"]
[Source "DeepChess"]
[SourceDate "2005.01.01"]
[SourceVersion "1"]
[SourceVersionDate "2005.01.01"]
[SourceQuality "1"]
[WhiteTeam "Dresdner SC 1898"]
[BlackTeam "SK Viernheim"]
[WhiteTeamCountry "GER"]
[BlackTeamCountry "GER"]

1. e4 Nf6 2. e5 Nd5 3. d4 d6 4. Nf3 dxe5 5. Nxe5 g6 6. c4 Nb6 7. Nc3 Bg7 8. Bf4
O-O 9. Be2 Be6 10. d5 Bf5 11. c5 N6d7 12. Nxd7 Bxd7 13. O-O a5 14. Qd2 Re8 15.
Rad1 Qc8 16. Bh6 Bh8 17. Be3 e5 18. f4 Bg4 19. Bxg4 Qxg4 20. h3 Qh5 21. Qd3
exf4 22. Bxf4 Nd7 23. g4 Qh4 24. Qf3 Be5 25. Kg2 Nxc5 26. Bxe5 Rxe5 27. Qxf7+
Kh8 28. Rf3 Rae8 29. Qxc7 Re3 30. Rdf1 Rxf3 31. Rxf3 Qe7 32. Qxe7 Rxe7 33. Rf8+
Kg7 34. Rc8 Nd3 35. d6 Rd7 36. Rc7 Ne5 37. Ne4 Kf8 38. g5 1-0

[Event "Bundesliga 9899"]
[Site "Deutschland"]
[Date "1998.11.21"]
[Round "3.6"]
[White "Schwalfenberg, Joerg"]
[Black "Borriss, Martin"]
[Result "0-1"]
[WhiteElo "2370"]
[BlackElo "2430"]
[PlyCount "82"]
[EventDate "1998.10.17"]
[EventType "team"]
[EventRounds "15"]
[EventCountry "GER"]
[SourceTitle "Bundesliga 9899"]
[Source "DeepChess"]
[SourceDate "2005.01.01"]
[SourceVersion "1"]
[SourceVersionDate "2005.01.01"]
[SourceQuality "1"]
[WhiteTeam "SK Viernheim"]
[BlackTeam "Dresdner SC 1898"]
[WhiteTeamCountry "GER"]
[BlackTeamCountry "GER"]

1. d4 Nf6 2. Nf3 g6 3. c4 Bg7 4. Nc3 O-O 5. g3 d6 6. Bg2 Nbd7 7. O-O e5 8. e4
a6 9. Qc2 exd4 10. Nxd4 Ne5 11. b3 c5 12. Nde2 Rb8 13. Bb2 b5 14. cxb5 axb5 15.
Nf4 b4 16. Na4 Qe7 17. Rfe1 Bd7 18. Bxe5 Qxe5 19. Nb2 Bb5 20. a4 bxa3 21. Rxa3
Rfe8 22. Ra7 g5 23. Nfd3 Qd4 24. e5 Bxd3 25. Nxd3 c4 26. exf6 Qxa7 27. Rxe8+
Rxe8 28. fxg7 cxd3 29. Qxd3 Qa1+ 30. Bf1 Qe5 31. h3 Rb8 32. Qf3 d5 33. Bg2 d4
34. Bf1 Kxg7 35. Bc4 f5 36. Qc6 Re8 37. Kh2 f4 38. Qf3 fxg3+ 39. fxg3 Rf8 40.
Qb7+ Kh6 41. Qc6+ Rf6 0-1

[Event "Bundesliga 9899"]
[Site "Deutschland"]
[Date "1998.11.21"]
[Round "3.7"]
[White "Gauglitz, Gernot"]
[Black "Grund, Holger"]
[Result "1-0"]
[WhiteElo "2400"]
[BlackElo "2340"]
[PlyCount "119"]
[EventDate "1998.10.17"]
[EventType "team"]
[EventRounds "15"]
[EventCountry "GER"]
[SourceTitle "Bundesliga 9899"]
[Source "DeepChess"]
[SourceDate "2005.01.01"]
[SourceVersion "1"]
[SourceVersionDate "2005.01.01"]
[SourceQuality "1"]
[WhiteTeam "Dresdner SC 1898"]
[BlackTeam "SK Viernheim"]
[WhiteTeamCountry "GER"]
[BlackTeamCountry "GER"]

1. d4 d5 2. c4 dxc4 3. Nf3 Nf6 4. e3 Bg4 5. Bxc4 e6 6. Nc3 Nbd7 7. h3 Bh5 8.
O-O Bd6 9. e4 e5 10. Nb5 O-O 11. Nxd6 cxd6 12. Re1 Rc8 13. b3 Re8 14. Bb2 exd4
15. g4 Bg6 16. Qxd4 Bxe4 17. Ng5 d5 18. Nxe4 dxe4 19. Qxa7 Qc7 20. Rac1 Qf4 21.
Qe3 Qb8 22. g5 Nh5 23. Be2 Nf4 24. Rxc8 Nxe2+ 25. Rxe2 Qxc8 26. Qd4 f6 27. Rxe4
Ne5 28. Qd5+ Kh8 29. gxf6 gxf6 30. Rxe5 fxe5 31. Bxe5+ Rxe5 32. Qxe5+ Kg8 33.
Qd5+ Kg7 34. Kg2 Qc7 35. a4 Kf6 36. b4 Qg7+ 37. Kf3 Qg1 38. Qd6+ Kf7 39. Qf4+
Ke7 40. Qe4+ Kd6 41. Qxh7 Qd1+ 42. Kg2 Qd5+ 43. Kg3 Qb3+ 44. f3 Qxb4 45. Qe4
Qc3 46. h4 Qg7+ 47. Qg4 Qc3 48. Qf4+ Kd7 49. h5 Qe1+ 50. Kg4 Qg1+ 51. Kf5 Qc5+
52. Kg6 Qb6+ 53. Kg7 Qb2+ 54. Kg8 Ke7 55. Qf7+ Kd6 56. h6 Qg2+ 57. Kf8 Qb2 58.
Qg7 Qf2 59. Qf6+ Kd7 60. h7 1-0

[Event "Bundesliga 9899"]
[Site "Deutschland"]
[Date "1998.11.21"]
[Round "3.8"]
[White "Kratochwil, Christian"]
[Black "Wegener, Dirk"]
[Result "1-0"]
[WhiteElo "2250"]
[BlackElo "2310"]
[PlyCount "97"]
[EventDate "1998.10.17"]
[EventType "team"]
[EventRounds "15"]
[EventCountry "GER"]
[SourceTitle "Bundesliga 9899"]
[Source "DeepChess"]
[SourceDate "2005.01.01"]
[SourceVersion "1"]
[SourceVersionDate "2005.01.01"]
[SourceQuality "1"]
[WhiteTeam "SK Viernheim"]
[BlackTeam "Dresdner SC 1898"]
[WhiteTeamCountry "GER"]
[BlackTeamCountry "GER"]

1. c4 g6 2. e4 Bg7 3. d4 d6 4. Nc3 Nf6 5. Be2 O-O 6. Nf3 e5 7. O-O Nc6 8. d5
Ne7 9. Ne1 Nd7 10. Be3 f5 11. f3 f4 12. Bf2 g5 13. a4 Rf6 14. a5 Rh6 15. Nb5
Nf6 16. c5 g4 17. fxg4 Nxe4 18. cxd6 Nxd6 19. Nxd6 cxd6 20. Bf3 Bf6 21. Nd3 Kh8
22. Qd2 Ng8 23. Rac1 Bh4 24. Qc3 Bd7 25. Qc7 Bb5 26. Qxd8 Bxd8 27. Rfd1 Rg6 28.
Be1 Bxd3 29. Rxd3 Nf6 30. Ra3 Rg8 31. Rb3 e4 32. Be2 Nxg4 33. Bxg4 Rxg4 34.
Rxb7 Bf6 35. Kf1 Re8 36. Rc2 Rg5 37. Bh4 Rg6 38. Bxf6+ Rxf6 39. Rcc7 f3 40.
Rxh7+ Kg8 41. Rbg7+ Kf8 42. Rxa7 fxg2+ 43. Kxg2 Rg6+ 44. Kf1 Kg8 45. Rhe7 Rf8+
46. Ke2 Rh6 47. Ke3 Rh3+ 48. Kxe4 Rxh2 49. a6 1-0

[Event "Bundesliga 9899"]
[Site "Deutschland"]
[Date "1998.11.21"]
[Round "3.1"]
[White "Votava, Jan"]
[Black "Ftacnik, Lubomir"]
[Result "1/2-1/2"]
[WhiteElo "2505"]
[BlackElo "2580"]
[PlyCount "104"]
[EventDate "1998.10.17"]
[EventType "team"]
[EventRounds "15"]
[EventCountry "GER"]
[SourceTitle "Bundesliga 9899"]
[Source "DeepChess"]
[SourceDate "2005.01.01"]
[SourceVersion "1"]
[SourceVersionDate "2005.01.01"]
[SourceQuality "1"]
[WhiteTeam "Erfurter SK"]
[BlackTeam "Hamburger SK 1830 e.V."]
[WhiteTeamCountry "GER"]
[BlackTeamCountry "GER"]

1. c4 g6 2. Nc3 c5 3. Nf3 Bg7 4. d4 cxd4 5. Nxd4 Nc6 6. e3 Nh6 7. Be2 Nxd4 8.
exd4 Nf5 9. d5 d6 10. O-O O-O 11. Bg5 Re8 12. Rc1 Qb6 13. b3 Bd7 14. Bg4 h6 15.
Bxf5 Bxf5 16. Be3 Qa5 17. Bd4 Bf8 18. g4 Bd7 19. f4 Bg7 20. f5 Bxd4+ 21. Qxd4
Qb6 22. Qxb6 axb6 23. a4 f6 24. Ne2 Kf7 25. fxg6+ Kxg6 26. Rc3 Rg8 27. h3 Kf7
28. Nf4 Rg5 29. Kf2 Rag8 30. Re3 f5 31. Ne6 Bxe6 32. Rxe6 R8g6 33. Rfe1 Rxe6
34. Rxe6 fxg4 35. hxg4 Rxg4 36. Rxh6 Ke8 37. Re6 Rh4 38. Ke2 Kd7 39. Kd2 Rh3
40. Re3 Rh8 41. Kc3 Ra8 42. Kb4 Ra5 43. Re4 Rc5 44. Rh4 Ra5 45. Rh8 Kc7 46. Kc3
Kd7 47. Kd3 Kc7 48. Kc3 Kd7 49. Kb4 Kc7 50. Ka3 Rc5 51. Re8 Kd7 52. Ra8 Ra5
1/2-1/2

[Event "Bundesliga 9899"]
[Site "Deutschland"]
[Date "1998.11.21"]
[Round "3.2"]
[White "Wahls, Matthias"]
[Black "Casper, Thomas"]
[Result "1/2-1/2"]
[WhiteElo "2605"]
[BlackElo "2415"]
[PlyCount "87"]
[EventDate "1998.10.17"]
[EventType "team"]
[EventRounds "15"]
[EventCountry "GER"]
[SourceTitle "Bundesliga 9899"]
[Source "DeepChess"]
[SourceDate "2005.01.01"]
[SourceVersion "1"]
[SourceVersionDate "2005.01.01"]
[SourceQuality "1"]
[WhiteTeam "Hamburger SK 1830 e.V."]
[BlackTeam "Erfurter SK"]
[WhiteTeamCountry "GER"]
[BlackTeamCountry "GER"]

1. e4 e6 2. d4 d5 3. Nd2 c5 4. exd5 exd5 5. Bb5+ Nc6 6. Ngf3 Bd6 7. dxc5 Bxc5
8. O-O Nge7 9. Nb3 Bb6 10. Re1 O-O 11. Be3 Bg4 12. Bxb6 Qxb6 13. Bxc6 Nxc6 14.
Qxd5 Nb4 15. Qe4 Bxf3 16. gxf3 Rad8 17. Rad1 h6 18. a3 Nc6 19. Qe3 Qb5 20. Kg2
Qh5 21. Qe4 Qg5+ 22. Qg4 Qf6 23. c3 Ne5 24. Qe4 Qg5+ 25. Kh1 Rxd1 26. Rxd1 Qh5
27. Nd4 b6 28. Rg1 g6 29. Qd5 Kh7 30. Re1 Nd3 31. Qxh5 gxh5 32. Re2 Kg6 33. Nc6
Kf5 34. Nxa7 Nf4 35. Re1 Rd8 36. Nb5 Rd2 37. b4 h4 38. Nd4+ Kf6 39. Rf1 h3 40.
Kg1 Ra2 41. Rd1 Rxa3 42. Nb5 Ra2 43. Kf1 Rc2 44. Nd6 1/2-1/2

[Event "Bundesliga 9899"]
[Site "Deutschland"]
[Date "1998.11.21"]
[Round "3.3"]
[White "Kuczynski, Robert"]
[Black "Kempinski, Robert"]
[Result "1/2-1/2"]
[WhiteElo "2485"]
[BlackElo "2520"]
[PlyCount "85"]
[EventDate "1998.10.17"]
[EventType "team"]
[EventRounds "15"]
[EventCountry "GER"]
[SourceTitle "Bundesliga 9899"]
[Source "DeepChess"]
[SourceDate "2005.01.01"]
[SourceVersion "1"]
[SourceVersionDate "2005.01.01"]
[SourceQuality "1"]
[WhiteTeam "Erfurter SK"]
[BlackTeam "Hamburger SK 1830 e.V."]
[WhiteTeamCountry "GER"]
[BlackTeamCountry "GER"]

1. e4 c5 2. Nf3 d6 3. d4 cxd4 4. Nxd4 Nf6 5. Nc3 a6 6. Be2 e6 7. O-O Be7 8. f4
Qc7 9. Kh1 Nc6 10. a4 O-O 11. Be3 Re8 12. Bf3 Na5 13. g4 Nc4 14. Bc1 Bf8 15. g5
Nd7 16. Bg2 g6 17. Nde2 b6 18. b3 Na5 19. Bb2 Bb7 20. Qd4 Qc5 21. Qd3 Rad8 22.
Rad1 Nc6 23. Rd2 Nb4 24. Qg3 Qc7 25. Rfd1 d5 26. e5 Nc5 27. h4 Ne4 28. Nxe4
dxe4 29. Nc3 Nxc2 30. Nxe4 Bxe4 31. Bxe4 Nb4 32. h5 Rxd2 33. Rxd2 Rd8 34. Bc3
Rxd2 35. Bxd2 Qd7 36. Qe1 a5 37. h6 Bc5 38. Bxb4 Bxb4 39. Qe2 Qd2 40. Qf3 Qb2
41. Bc6 Qc1+ 42. Kg2 Qc2+ 43. Kh3 1/2-1/2

[Event "Bundesliga 9899"]
[Site "Deutschland"]
[Date "1998.11.21"]
[Round "3.4"]
[White "Mueller, Karsten"]
[Black "Enders, Peter"]
[Result "1/2-1/2"]
[WhiteElo "2515"]
[BlackElo "2525"]
[PlyCount "52"]
[EventDate "1998.10.17"]
[EventType "team"]
[EventRounds "15"]
[EventCountry "GER"]
[SourceTitle "Bundesliga 9899"]
[Source "DeepChess"]
[SourceDate "2005.01.01"]
[SourceVersion "1"]
[SourceVersionDate "2005.01.01"]
[SourceQuality "1"]
[WhiteTeam "Hamburger SK 1830 e.V."]
[BlackTeam "Erfurter SK"]
[WhiteTeamCountry "GER"]
[BlackTeamCountry "GER"]

1. e4 c5 2. Nf3 Nc6 3. d4 cxd4 4. Nxd4 Nf6 5. Nc3 d6 6. Bc4 e6 7. Be3 Bd7 8.
Qe2 Na5 9. Bd3 a6 10. g4 h6 11. O-O-O Rc8 12. h4 e5 13. Nf5 Rxc3 14. bxc3 g6
15. Nxh6 Rxh6 16. Bxh6 Bxh6+ 17. g5 Bg7 18. gxf6 Bh6+ 19. Kb2 Be6 20. Bxa6 bxa6
21. Qxa6 Nc4+ 22. Ka1 Qxf6 23. Rxd6 Nxd6 24. Qxd6 Qf3 25. Rd1 Qxc3+ 26. Kb1
Bxa2+ 1/2-1/2